Random quiz 1 - Statistics

General Stats
  • This quiz has been taken 4 times
  • The average score is 8 of 40
Answer Stats
Hint Answer % Correct
Say you had a long dozen of donuts, how many would you have? 13
100%
What is the most common blood type? Hint: My name O+
100%
What empire conquered constantinople? Ottoman Empire
100%
How many different colors are there usually on a standard globe? 8
50%
What word can refer to a big rock and to something of strong knowledge or intelligence. Hint: its spelled differently both ways but sounds the exact same. Boulder
50%
Where was shakespeare born? England
50%
What movie won best picture in 1994? Hint: You haven’t seen this yet, but we have talked about it. Also 🌳 🌳 🌳 🌳 🌳 Forrest Gump
50%
What color do yellow and green make? HINT: think rocket league Lime
50%
Friday the 13th takes place in Camp Crystal Lake obviously, but what state is this located in? New jersey
50%
What is the most poached animal as of 2022? Hint: this is actually pretty hard, this animal has scales. Pangolin
50%
In what european country can you find the city of Novi Pazar? Serbia
50%
What substance is found in the chemical equation C12H22O11? Sugar
50%
How many different types of apple products are there? Hint: I’m combining things like Macbook and macbook air or iphone 12 and iphone SE etc. Type the number 4
0%
What actor was first to die in Barbarian? Bill skarsgard
0%
Arsenal might be at the top of the table in prem 1 but who is on top of the prem table currently in prem 2? Burnley
0%
I’ll go easy on you for this one, who is the leader of the avengers? Captain America
0%
In what european country can you find the city of Cakovec? Croatia
0%
What animal did chris hit while driving at the start of get out? hint: it’s easy Deer
0%
What does chad say he is the best at? Defense
0%
Know that ima ride for you.. Either way it go
0%
Avatar is the highest grossing movie of all time undoubtably. What is the 2nd highest grossing movie of all time. Hint: think 2019 Endgame
0%
It ain’t nothing like that, man it ain’t nothin like that… First time
0%
First thing first rest in peace uncle phil… For real
0%
What is Kanye’s most played song ever? Gold digger
0%
There are 2 versions of the cover of fifa 23, who besides mbappe is on the other? Haaland
0%
What horror movie franchise takes place in Illinois? Halloween
0%
What horror movie classic takes place in Maine? Hint: One of my favorite movies ever It
0%
What well known city does the original Saw take place in? Los angeles
0%
Who won the ballon d’or in 2018? Hint: not penaldo or pessi Luka modric
0%
Take the first 3 letters of the capital of nicaragua, and then add -igga end of it. No im just kidding, just type the capital. Managua
0%
What currency is used in Taiwan? Hint: part of the name has taiwan in it. New taiwan dollar
0%
Who is the front runner for NFL mvp right now? Hint: literally just name the best quarterback you know. Patrick Mahomes
0%
Who doesn’t pass on fifa lol? Pelliott
0%
What famous soccer player was born February 15th 1985, had his best years at real madrid, and is still playing? Ronaldo
0%
What football team wears golden uniforms? Hint: lol not the 49ers Saints
0%
What is the most common zodiac symbol as of current day? Scorpio
0%
What famous asian city currently sits at 14 million population? Tokyo
0%
What card type was removed from the game after fifa 21? ucl rare
0%
It’s beauty in the struggle… Hint: Not the n word Ugliness in the success
0%
Besides Vader and palpatine, who else had a very impactful death in Return of the Jedi? Yoda
0%
No matching quizzes found
Score Distribution
Percent of People with Each Score
Percentile by Number Answered
Your Score History
You have not taken this quiz